000 00529nam a2200169Ia 4500
003 OSt
005 20200928103253.0
008 190216s9999||||xx |||||||||||||| ||und||
020 _a9788176490009
040 _coclc
082 _a574.19214
_bBER/B
100 _aBertini, Ivano
_95049
245 0 _aBioinorganic Chemistry /
_cIvano Bertini ; Harry B Gray ; S J Lippard ; J S Valentine
260 _bViva Books,
_c1998.
_aNew Delhi:
300 _a611p
942 _cBK
_2ddc
_h574.19214
_iBER/B
_k574.19214
_mBER/B
999 _c3046
_d3046